zpět

Detail výsledku týmu

Patro Pub, Tišnov

Datum a čas kvízu

36 Celkem bodů Celkový počet nahraných bodů na tomto kvízu bez doplňovacích otázek.
2. Pořadí na kvízu Konečné umístění týmu na tomto kvízu.

Zaznamenané odpovědi

# Otázka Odpověď Body Výsledky
1. Minulé úterý hledali policisté... 0
2. Policisté provedli v minulých... 1
3. Fotka, která v úterý večer zís... 1
4. Jak informoval v úterý Čínský... 1
5. Trenér Michal Bílek končí na l... 1
6. Zvíře jménem Mojžíš v Orwellov... 0
7. Tato kniha Jacka Londona navaz... 1
8. Příběhy medvídka Pú pochází z... 1
9. O Knize džunglí jsme se v kvíz... 0
10. Lev, čarodějnice a skříň není... 0